| 000 | 01828cam a2200373 i 4500 | ||
|---|---|---|---|
| 003 | URS | ||
| 005 | 20220114152722.0 | ||
| 008 | 130815s2015 ctuab b 001 0 eng | ||
| 010 | _a 2013947984 | ||
| 020 | _a9781285436401 (comprehensive core edition) | ||
| 020 | _a9781285436487 (v. I : To 1715) | ||
| 020 | _a9781285436555 (v. II : Since 1500) | ||
| 020 | _a9781285436586 (v. A : To 1500) | ||
| 020 | _a9781285436616 (v. B : 13001815) | ||
| 020 | _a9781285436623 (v. C : Since 1789) | ||
| 020 | _a9781285436685 (Since 1300) | ||
| 040 |
_aDLC _beng _erda _cDLC |
||
| 042 | _apcc | ||
| 050 | 0 | 0 |
_aCB245 _b.S63 2015b |
| 100 | 1 |
_aSpielvogel, Jackson J., _d1939- |
|
| 245 | 1 | 0 |
_aWestern civilization / _cJackson J. Spielvogel, The Pennsylvania State University. |
| 250 | _aNinth edition. | ||
| 264 | 1 |
_aStamford, CT : _c[2015] |
|
| 264 | 1 | _bCengage Learning, | |
| 300 |
_axxxiv, 1018 pages : _billustrations, maps ; _c29 cm |
||
| 336 |
_atext _2rdacontent |
||
| 337 |
_aunmediated _2rdamedia |
||
| 338 |
_avolume _2rdacarrier |
||
| 504 | _aIncludes bibliographical references and index. | ||
| 650 | 0 |
_aCivilization, Western _xHistory _vTextbooks. |
|
| 906 |
_a7 _bcbc _corignew _d3 _eepcn _f20 _gy-gencatlg |
||
| 942 |
_2lcc _cFR |
||
| 999 |
_c7350 _d7350 |
||